| 000 | 00465nam a2200169Ia 4500 | ||
|---|---|---|---|
| 003 | OSt | ||
| 005 | 20260303142239.0 | ||
| 008 | 211028s2004 xx 000 0 und d | ||
| 040 | _cAIMIT LIBRARY | ||
| 041 | _aeng | ||
| 100 |
_aPereirs, Julius C;Pilar, Bharati. _g194026 _92347 |
||
| 110 |
_aPilar, Bharati. _92348 |
||
| 245 | _aLeave and attendance system / | ||
| 260 |
_aNavi Mumbai _c2004 |
||
| 710 |
_aLarsen and Toubro Infotech Ltd _92349 |
||
| 942 |
_2ddc _cPRO |
||
| 999 |
_c216867 _d216867 |
||